Publications of Smithsonian Institution, May 1896.

Bibliographic Details
Corporate Author: Smithsonian Institution. Office of the Secretary
Other Authors: Rhees, William Jones, 1830-1907
Format: Government Document eBook
Language:English
Published: Washington, D.C. : [publisher not identified], 1896.
Subjects:
Online Access:Connect to the full text of this electronic document

MARC

Tag First Indicator Second Indicator Subfields
LEADER 00000cam a22000001a 4500
001 in00003669310
005 20190408173430.0
006 m o d f
007 cr bn mmmapmmp
008 030117s1896 dcu ob f001 0 eng d
035 |a ebd1909603291 
040 |a UMI  |c UMI  |d UtOrBLW 
086 0 |a SI 1.8:896 
099 |a SI108-9 
245 0 0 |a Publications of Smithsonian Institution, May 1896. 
264 1 |a Washington, D.C. :  |b [publisher not identified],  |c 1896. 
300 |a 1 online resource (iv, 86 pages) 
336 |a text  |b txt  |2 rdacontent 
337 |a computer  |b c  |2 rdamedia 
338 |a online resource  |b cr  |2 rdacarrier 
500 |a [With prices] 
500 |a Includes index. 
500 |a Record is based on bibliographic data in ProQuest U.S. Executive Branch Documents, 1789-1909. Reuse except for individual research requires license from ProQuest, LLC. 
533 |a Electronic reproduction.  |b [Bethesda, Md.] :  |c ProQuest,  |d 2012.  |e digital, PDF file.  |n ProQuest U.S. Executive Branch Documents, 1789-1909.  |n Mode of access: World Wide Web via ProQuest website. 
538 |a System requirements: PDF reader software. 
500 |a Electronic resource. 
610 2 0 |a Smithsonian Institution  |v Bibliography. 
655 7 |a Electronic books.  |2 local 
700 1 |a Rhees, William Jones,  |d 1830-1907.  |0 http://id.loc.gov/authorities/names/n79135357 
710 2 |a Smithsonian Institution.  |b Office of the Secretary.  |0 http://id.loc.gov/authorities/names/no2001090455 
776 1 8 |i Microfiche version:  |t Publications of Smithsonian Institution, May 1896  |o CIS US Exec MF SI108-9  |w (ProQuest)cis19060941 
856 4 0 |u http://proxy.library.tamu.edu/login?url=http://congressional.proquest.com/congressional/docview/t66.d71.si108-9  |z Connect to the full text of this electronic document  |t 0 
999 f f |s cb67f16d-58e8-3d21-84d5-36c8de0e9df1  |i 93bf0ffb-8df9-3b9d-988a-7a54c9277de4  |t 0 
952 f f |a Texas A&M University  |b College Station  |c Electronic Resources  |d Available Online  |t 0  |h No information provided 
998 f f |t 0  |l Available Online